LEADER 00920nam0 22002651i 450 001 RML0252737 005 20231121125711.0 010 $a8813190492 100 $a20121121d1994 ||||0itac50 ba 101 | $aita 102 $ait 181 1$6z01$ai $bxxxe 182 1$6z01$an 200 1 $a˜Il œdiritto dell'arbitrato (interno) 210 $aPadova $cCedam $d1994 606 $aDiritto processuale civile$2FIR$3RMLC120107$9I 700 1$aRubino Sammartano$b, Mauro$3RMLV163620$0230659 801 3$aIT$bIT-01$c20121121 850 $aIT-FR0098 899 $aBiblioteca Area Giuridico Economica$bFR0098 912 $aRML0252737 950 0$aBiblioteca Area Giuridico Economica$d 53DSG 13/0153$e 53VM 0000236245 VM barcode:20812-10. - Inventario:3863VM$fA $h20010423$i20121204 977 $a 53 996 $aDiritto dell'arbitrato interno$9208074 997 $aUNICAS